Prowincje Indii - Statystyki

Ogólne statystyki
  • Ten quiz został rozwiązany 15 razy
  • Średni wynik to 5 z 28
Statystyki odpowiedzi
Hint Odpowiedź % Poprawnych
196,024(km2) Gujarat
60%
240,928(km2) Uttar Pradesh
60%
78,438(km2) Assam
50%
50,362(km2) Punjab
50%
3,702(km2) Goa
40%
38,863(km2) Kerala
40%
88,752(km2) West Bengal
40%
342,239(km2) Rajasthan
30%
94,163(km2) Bihar
20%
308,252(km2) Madhya Pradesh
20%
307,713(km2) Maharashtra
20%
130,058(km2) Tamil Nadu
20%
162,975(km2) Andhra Pradesh
10%
44,212(km2) Haryana
10%
191,791(km2) Karnataka
10%
22,327(km2) Manipur
10%
22,429(km2) Meghalaya
10%
16,579(km2) Nagaland
10%
155,707(km2) Odisha
10%
83,743(km2) Arunachal Pradesh
0%
135,194(km2) Chhattisgarh
0%
55,673(km2) Himachal Pradesh
0%
79,714(km2) Jharkhand
0%
21,081(km2) Mizoram
0%
7,096(km2) Sikkim
0%
112,077(km2) Telangana
0%
10,491(km2) Tripura
0%
53,483(km2) Uttarakhand
0%
Nie znaleziono quizów pasujących do podanych kryteriów
Rozkład punktacji
Procent ludzi z każdym wynikiem
Percentyl według liczby udzielonych odpowiedzi
Twoja historia wyników
Nie rozwiązałeś tego quizu